| 000 | 01243nam a2200313 a 4500 | ||
|---|---|---|---|
| 001 | ebr10495798 | ||
| 003 | CaPaEBR | ||
| 006 | m u | ||
| 007 | cr cn||||||||| | ||
| 008 | 111012s2011 enk sb 101 0 eng d | ||
| 020 | _z9781855758919 | ||
| 020 | _z9781849409254 (e-book) | ||
| 040 |
_aCaPaEBR _cCaPaEBR |
||
| 035 | _a(OCoLC)759160047 | ||
| 050 | 1 | 4 |
_aBF175.5.A36 _bW55 2011eb |
| 245 | 0 | 0 |
_aAggression _h[electronic resource] : _bfrom fantasy to action / _cedited by Paul Williams. |
| 260 |
_aLondon : _bKarnac Books, _c2011. |
||
| 300 | _axx, 234 p. | ||
| 490 | 1 | _aPsychoanalytic ideas | |
| 504 | _aIncludes bibliographical references and index. | ||
| 533 |
_aElectronic reproduction. _bPalo Alto, Calif. : _cebrary, _d2013. _nAvailable via World Wide Web. _nAccess may be limited to ebrary affiliated libraries. |
||
| 650 | 0 |
_aAggressiveness _vCongresses. |
|
| 655 | 7 |
_aElectronic books. _2local |
|
| 700 | 1 | _aWilliams, Paul. | |
| 710 | 2 | _aebrary, Inc. | |
| 711 | 2 |
_aInternational Psychoanalytic Conference _n(2nd : _cBelfast, Northern Ireland) |
|
| 830 | 0 | _aPsychoanalytic ideas. | |
| 856 | 4 | 0 |
_uhttp://site.ebrary.com/lib/rucke/Doc?id=10495798 _zAn electronic book accessible through the World Wide Web; click to view |
| 999 |
_c130764 _d130764 |
||